00558 2200205 4500001002100000005001500021035002000036007000300056008004100059245005300100260003800153020002200191082001000213084001600223250001400239100002000253300005300273650001000326990001600336INLIS00000000000029920221027120305 a0010-1022000041ta221027 b h ind 1 aKomik Next-G: Gaun Bersejarah /cSahdah Huwaidah aBandung :bMuffin Graphics,c2018 a978-602-367-464-0 a741.5 a741.5 SAH k aCetakan 20 aSahdah Huwaidah a104 halaman :bilustrasi tidak berwarna ;c21 cm 4akomik a00000000397